000 00544nam a22001817a 4500
003 OSt
005 20221031212352.0
008 221006b |||||||| |||| 00| 0 eng d
020 _a9977-47-309-9
040 _cBiblioteca Lado V
082 _bS336j
_a730
100 _9279
_aSancho Benito, Jose
_eautor
245 _aJose Sancho: Obras Monumentales y Bagatelas/
260 _bLitografia e Imprenta
_aCosta Rica
_c2004
300 _a68p.
_c22x29cm
700 _aHlavajova, Maria
_eeditor
942 _2ddc
_c1
_h730
_iS226j
_n0
999 _c2459
_d2459